[Event "Pfalz op-A 11th"]
[Site "Neustadt an der Weinstrasse"]
[Date "2020.02.21"]
[Round "1"]
[White "Boos, Patrick"]
[Black "Schneider, Jana"]
[Result "0-1"]
[WhiteElo "1993"]
[BlackElo "2280"]
[PlyCount "58"]
[EventDate "2020.02.21"]
[EventType "swiss"]
[EventRounds "9"]
[EventCountry "GER"]
[SourceTitle "CBM 195 Extra"]
[Source "ChessBase"]
[SourceDate "2020.05.31"]
[SourceVersion "1"]
[SourceVersionDate "2020.05.31"]
[SourceQuality "1"]

1. e4 e5 2. Nf3 Nc6 3. Bb5 a6 4. Bxc6 dxc6 5. 0-0 Bg4 6. h3 Bh5 7. d3 f6 8. Be3 Bd6 9. Nbd2 Qe7 10. Qe2 0-0-0 11. a3 g5 12. b4 Qg7 13. Rfb1 g4 14. hxg4 Bxg4 15. Qf1 Ne7 16. c4 Ng6 17. Nh2 h5 18. f3 Bd7 19. Rb2 Rhg8 20. Kh1 f5 21. a4 Nh4 22. Nb1 fxe4 23. dxe4 Bxb4 24. Rxb4 Nxg2 25. Bd2 Bh3 26. Qf2 Nf4 27. Nf1 Nd3 28. Qg3 Bxf1 29. Qxg7 Rxg7 0-1

[Event "Pfalz op-A 9th"]
[Site "Neustadt an der Weinstrasse"]
[Date "2018.02.09"]
[Round "1"]
[White "Boos, Patrick"]
[Black "Viani, Antonio Dcunha"]
[Result "0-1"]
[WhiteElo "2058"]
[BlackElo "2402"]
[PlyCount "60"]
[EventDate "2018.02.09"]
[EventType "swiss"]
[EventRounds "9"]
[EventCountry "GER"]
[SourceTitle "CBM 182 Extra"]
[Source "ChessBase"]
[SourceDate "2018.02.23"]
[SourceVersion "1"]
[SourceVersionDate "2018.02.23"]
[SourceQuality "1"]

1. e4 e5 2. Nf3 Nc6 3. Bb5 a6 4. Bxc6 dxc6 5. 0-0 Bg4 6. h3 Bh5 7. d3 Qe7 8. Be3 0-0-0 9. Nbd2 f6 10. Rb1 g5 11. b4 Qe8 12. Qe1 g4 13. hxg4 Bxg4 14. Nh2 Be6 15. a4 Ne7 16. Nb3 Rg8 17. f3 f5 18. b5 cxb5 19. axb5 axb5 20. Qa5 Nc6 21. Qxb5 f4 22. Nc5 Bxc5 23. Qxb7+ Kd7 24. Bxc5 Qg6 25. g4 fxg3 26. Ng4 Bxg4 27. Bb6 Qh6 28. Qxc7+ Ke8 29. Qxc6+ Qxc6 30. Bxd8 Qh6 0-1

[Event "Rheinland Pfalz op 9th"]
[Site "Lambsheim"]
[Date "2017.06.15"]
[Round "1"]
[White "Boos, Patrick"]
[Black "Strehl, Klaus Gerhard"]
[Result "1-0"]
[WhiteElo "2049"]
[BlackElo "1577"]
[PlyCount "53"]
[EventDate "2017.06.15"]
[EventType "swiss"]
[EventRounds "7"]
[EventCountry "GER"]
[SourceTitle "CBM 178 Extra"]
[Source "ChessBase"]
[SourceDate "2017.06.22"]
[SourceVersion "1"]
[SourceVersionDate "2017.06.22"]
[SourceQuality "1"]

1. e4 g6 2. d4 c6 3. Nc3 Bg7 4. Be3 d5 5. f3 dxe4 6. fxe4 Nf6 7. Qd2 0-0 8. Nf3 Nbd7 9. Bh6 Re8 10. Bxg7 Kxg7 11. 0-0-0 b5 12. e5 Nd5 13. e6 fxe6 14. Ne4 a5 15. h4 N7f6 16. Bd3 Nb4 17. h5 Rh8 18. h6+ Kf8 19. Kb1 Qd5 20. Nc3 Qd6 21. Rhf1 Nbd5 22. Ne4 Qb4 23. Qxb4 Nxb4 24. Ne5 Nbd5 25. Rf3 Bb7 26. Nc5 Rb8 27. Ncd7+ 1-0

[Event "Oberliga Sued W 1617"]
[Site "Germany"]
[Date "2016.11.20"]
[Round "3.8"]
[White "Frede, Lennart"]
[Black "Boos, Patrick"]
[Result "1-0"]
[WhiteElo "2071"]
[BlackElo "2058"]
[PlyCount "61"]
[EventDate "2016.09.25"]
[EventType "team-tourn"]
[EventRounds "9"]
[EventCountry "GER"]
[SourceTitle "EXT 2018"]
[Source "ChessBase"]
[SourceDate "2017.10.13"]
[SourceVersion "1"]
[SourceVersionDate "2017.10.13"]
[SourceQuality "1"]
[WhiteTeam "Gau Algesheim"]
[BlackTeam "Worms"]
[WhiteTeamCountry "GER"]
[BlackTeamCountry "GER"]

1. Nf3 Nf6 2. g3 g6 3. Bg2 Bg7 4. 0-0 0-0 5. d3 d5 6. Nbd2 c5 7. e4 Nc6 8. c3 e6 9. Re1 b5 10. exd5 Nxd5 11. Ne4 Qb6 12. Bd2 Rd8 13. Qc1 Bb7 14. h4 Nce7 15. h5 Nf5 16. Neg5 h6 17. hxg6 hxg5 18. gxf7+ Kf8 19. Nxg5 Nc7 20. Bf4 e5 21. Bxe5 Bxe5 22. Rxe5 Bxg2 23. Rxf5 Bd5 24. Rf6 Rd6 25. Nh7+ Ke7 26. f8Q+ Rxf8 27. Rxf8 Ne6 28. Qe3 c4 29. d4 Kd7 30. Rf7+ Kc6 31. Nf6 1-0

[Event "Wunsiedel op 10th"]
[Site "Wunsiedel"]
[Date "2016.05.05"]
[Round "1"]
[White "Nagy, Gabor"]
[Black "Boos, Patrick"]
[Result "1-0"]
[WhiteElo "2439"]
[BlackElo "2070"]
[PlyCount "107"]
[EventDate "2016.05.05"]
[EventType "swiss"]
[EventRounds "7"]
[EventCountry "GER"]
[SourceTitle "CBM 172 Extra"]
[Source "ChessBase"]
[SourceDate "2016.06.21"]
[SourceVersion "1"]
[SourceVersionDate "2016.06.21"]
[SourceQuality "1"]

1. Nf3 Nf6 2. c4 g6 3. Nc3 Bg7 4. g3 0-0 5. Bg2 c5 6. d4 cxd4 7. Nxd4 Nc6 8. 0-0 Nxd4 9. Qxd4 d6 10. Qh4 Qc7 11. Nb5 Qa5 12. Rd1 a6 13. Bd2 Qb6 14. Be3 Qa5 15. Nd4 Qc7 16. h3 Qxc4 17. Rdc1 Qb4 18. Nf5 Qxh4 19. Nxe7+ Kh8 20. gxh4 Be6 21. Rc7 d5 22. Rd1 Rad8 23. Rxb7 Ne4 24. Nc6 Rc8 25. Nd4 Nd6 26. Re7 Nc4 27. Bc1 Bxd4 28. Rxd4 Nd6 29. Rd1 Rc2 30. Bf1 Rfc8 31. Bf4 Nf5 32. Ra7 Kg8 33. Rxa6 Rxb2 34. a4 Rb4 35. Be5 Nxh4 36. a5 g5 37. Rb6 Ra4 38. a6 Ng6 39. Ra1 Rxa1 40. Bxa1 Nf8 41. a7 Ra8 42. Ra6 Nd7 43. Bd4 Kf8 44. e3 Ke7 45. Bb5 Nb8 46. axb8Q Rxb8 47. Bd3 Rb7 48. Kg2 h5 49. Ra7 Rxa7 50. Bxa7 f5 51. f4 Kf6 52. Bd4+ Kg6 53. fxg5 Kxg5 54. h4+ 1-0

[Event "Rheinland Pfalz op 7th"]
[Site "Frankenthal"]
[Date "2015.06.06"]
[Round "2"]
[White "Stopa, Jacek"]
[Black "Boos, Patrick"]
[Result "1-0"]
[WhiteElo "2540"]
[BlackElo "2038"]
[PlyCount "79"]
[EventDate "2015.06.04"]
[EventType "swiss"]
[EventRounds "7"]
[EventCountry "GER"]
[SourceTitle "EXT 2017"]
[Source "ChessBase"]
[SourceDate "2016.10.25"]
[SourceVersion "1"]
[SourceVersionDate "2016.10.25"]
[SourceQuality "1"]

1. d4 Nf6 2. c4 c5 3. d5 b5 4. cxb5 a6 5. bxa6 Bxa6 6. Nc3 d6 7. Nf3 g6 8. g3 Bg7 9. Bg2 0-0 10. 0-0 Nbd7 11. Qc2 Qb6 12. Rd1 Rfb8 13. Rb1 Ng4 14. h3 Nge5 15. Ne1 c4 16. Be3 Nc5 17. f4 Ned7 18. Nf3 Qa5 19. Nd4 Bxd4 20. Bxd4 Nb6 21. f5 Bc8 22. g4 Nca4 23. Qd2 Nxc3 24. Bxc3 Qa7 25. Qh6 f6 26. fxg6 hxg6 27. Qxg6+ Kf8 28. Bd2 Nxd5+ 29. Kh1 Ne3 30. Qh6+ Ke8 31. Bxe3 Qxa2 32. Bc6+ Kd8 33. Bf4 Kc7 34. Bf3 Bb7 35. Qh7 Bxf3+ 36. exf3 Re8 37. Bxd6+ Kb6 38. Bh2 Qb3 39. Bg1+ Kc7 40. Qf5 1-0

[Event "Oberliga Sued W 1415"]
[Site "Germany"]
[Date "2014.11.09"]
[Round "3.8"]
[White "Ledig, Horst"]
[Black "Boos, Patrick"]
[Result "0-1"]
[WhiteElo "1791"]
[BlackElo "2122"]
[PlyCount "137"]
[EventDate "2014.09.21"]
[EventType "team-tourn"]
[EventRounds "9"]
[EventCountry "GER"]
[SourceTitle "EXT 2019"]
[Source "ChessBase"]
[SourceDate "2018.10.10"]
[SourceVersion "1"]
[SourceVersionDate "2018.10.10"]
[SourceQuality "1"]
[WhiteTeam "Mutterstadt"]
[BlackTeam "Worms"]
[WhiteTeamCountry "GER"]
[BlackTeamCountry "GER"]

1. d4 Nf6 2. c4 c5 3. d5 b5 4. cxb5 a6 5. b6 d6 6. Nc3 Qxb6 7. e4 g6 8. Nf3 Bg7 9. Bd3 Nbd7 10. h3 0-0 11. 0-0 Ne8 12. Qe2 Rb8 13. Kh1 e5 14. dxe6 fxe6 15. Bc4 Nc7 16. Ng5 Ne5 17. f4 Nxc4 18. Qxc4 Qb4 19. Qd3 Qd4 20. Qe2 Qb4 21. Rd1 Bd4 22. Nf3 e5 23. fxe5 dxe5 24. Nd5 Nxd5 25. exd5 Bf5 26. d6 e4 27. Nxd4 cxd4 28. Bh6 d3 29. Qe3 Rf7 30. Rac1 Rd8 31. Rc7 Qxd6 32. Rxf7 Kxf7 33. g4 Bd7 34. Rf1+ Kg8 35. Qf2 Qe7 36. Qe3 Rc8 37. Qd4 Be6 38. Qxe4 Qd6 39. Qe3 Bxa2 40. Kg1 Bf7 41. Qf2 Qc5 42. Qxc5 Rxc5 43. Rd1 Rd5 44. Bd2 Be8 45. Kf2 Bb5 46. Ke3 Re5+ 47. Kf4 Re2 48. Bc3 Kf7 49. Rd2 Re6 50. Kg5 Re3 51. Rf2+ Ke6 52. h4 Kd5 53. Rf7 Re2 54. Rf4 Re4 55. Rf7 h6+ 56. Kxh6 Rxg4 57. Rf6 Rxh4+ 58. Kxg6 Kc4 59. Rf2 Re4 60. Rd2 Kb3 61. Kf5 Rc4 62. Ke5 Rxc3 63. bxc3 Kxc3 64. Rd1 a5 65. Kd5 d2 66. Kc5 Be2 67. Rg1 a4 68. Ra1 Kb2 69. Rxa4 0-1

[Event "Oberliga Sued W 1314"]
[Site "Germany"]
[Date "2013.11.10"]
[Round "2.8"]
[White "Galbraith, Martin"]
[Black "Boos, Patrick"]
[Result "0-1"]
[WhiteElo "2116"]
[BlackElo "2159"]
[PlyCount "80"]
[EventDate "2013.10.13"]
[EventType "team-tourn"]
[EventRounds "9"]
[EventCountry "GER"]
[SourceTitle "EXT 2015"]
[Source "ChessBase"]
[SourceDate "2014.11.20"]
[SourceVersion "1"]
[SourceVersionDate "2014.11.20"]
[SourceQuality "1"]
[WhiteTeam "Gau Algesheim"]
[BlackTeam "Worms"]
[WhiteTeamCountry "GER"]
[BlackTeamCountry "GER"]

1. Nf3 Nf6 2. c4 g6 3. b4 Bg7 4. Bb2 0-0 5. g3 c6 6. Bg2 d5 7. Qc2 Bf5 8. d3 a5 9. b5 dxc4 10. Qxc4 Be6 11. Qh4 h6 12. Nd4 Bd7 13. Qf4 Nh5 14. Qd2 Qb6 15. e3 c5 16. Ne2 Qxb5 17. Bxg7 Nxg7 18. Nbc3 Qa6 19. Nd5 Qd6 20. Nec3 Bc6 21. Rb1 Nd7 22. Ne4 Qe5 23. f4 Qxd5 24. Nf6+ Nxf6 25. Bxd5 Nxd5 26. 0-0 Rfd8 27. a3 c4 28. d4 Nf6 29. Rb6 c3 30. Qxc3 Nd5 31. Qb3 a4 32. Qb1 Nxb6 33. Qxb6 Nf5 34. Kf2 Nd6 35. g4 Ne4+ 36. Ke2 Rd5 37. Rc1 Rb5 38. Qc7 Rb2+ 39. Kd3 Rd2+ 40. Kc4 b5+ 0-1

[Event "St Leon Rot op"]
[Site "St Leon Rot"]
[Date "2011.12.27"]
[Round "2"]
[White "Boos, Patrick"]
[Black "Fuchs, Benno"]
[Result "1/2-1/2"]
[WhiteElo "2125"]
[BlackElo "1856"]
[PlyCount "67"]
[EventDate "2011.12.27"]
[EventType "swiss"]
[EventRounds "7"]
[EventCountry "GER"]
[SourceTitle "CBM 146 Extra"]
[Source "ChessBase"]
[SourceDate "2012.02.29"]
[SourceVersion "1"]
[SourceVersionDate "2012.02.29"]
[SourceQuality "1"]

1. e4 e5 2. Nf3 Nc6 3. Bb5 a6 4. Bxc6 dxc6 5. 0-0 f6 6. d4 exd4 7. Nxd4 c5 8. Nb3 Qxd1 9. Rxd1 Bd6 10. Na5 b5 11. c4 Ne7 12. Nc3 Kf7 13. Be3 Be6 14. cxb5 axb5 15. Nb7 b4 16. Nd5 Bxd5 17. exd5 Be5 18. Nxc5 Bxb2 19. Rab1 Bc3 20. Ne4 Rxa2 21. Bc5 Rd8 22. d6 cxd6 23. Bxb4 Bxb4 24. Rxb4 d5 25. g3 Rda8 26. Nc5 Ra1 27. Rxa1 Rxa1+ 28. Kg2 Ra8 29. Kf3 Ra3+ 30. Ke2 Ra2+ 31. Kf3 Rc2 32. Nd3 Rc3 33. Ke2 Rc2+ 34. Kf3 1/2-1/2

[Event "St Leon Rot op"]
[Site "St Leon Rot"]
[Date "2011.12.27"]
[Round "1"]
[White "Seidler, Ottmar"]
[Black "Boos, Patrick"]
[Result "0-1"]
[WhiteElo "1603"]
[BlackElo "2125"]
[PlyCount "82"]
[EventDate "2011.12.27"]
[EventType "swiss"]
[EventRounds "7"]
[EventCountry "GER"]
[SourceTitle "CBM 146 Extra"]
[Source "ChessBase"]
[SourceDate "2012.02.29"]
[SourceVersion "1"]
[SourceVersionDate "2012.02.29"]
[SourceQuality "1"]

1. d4 Nf6 2. c4 c5 3. d5 b5 4. cxb5 a6 5. bxa6 Bxa6 6. Nc3 d6 7. Nf3 g6 8. g3 Bg7 9. Bg2 0-0 10. 0-0 Nbd7 11. Re1 Qa5 12. e4 Ng4 13. Bd2 Rfb8 14. Qc2 Nge5 15. Nxe5 Nxe5 16. f4 Nc4 17. Reb1 Bd4+ 18. Kh1 Rb7 19. a3 Nxd2 20. Qxd2 Rb3 21. Bf1 Bxf1 22. Rxf1 Bxc3 23. bxc3 Rxc3 24. Rfb1 Rxa3 25. Rb8+ Rxb8 26. Qxa5 Rxa5 27. Rxa5 Rb4 28. e5 Rd4 29. Ra7 dxe5 30. Rxe7 exf4 31. gxf4 Rxd5 32. Kg2 Kg7 33. Rc7 h6 34. Kf3 Rf5 35. Ke4 Rh5 36. h3 Rxh3 37. Rxc5 h5 38. Rc7 h4 39. Rc1 f5+ 40. Ke5 Re3+ 41. Kd6 Re4 0-1

[Event "Oberliga Sued W 1011"]
[Site "Germany"]
[Date "2011.04.10"]
[Round "9.7"]
[White "Boos, Patrick"]
[Black "Feldmann, Johannes"]
[Result "1-0"]
[WhiteElo "2118"]
[BlackElo "1945"]
[PlyCount "37"]
[EventDate "2010.10.10"]
[EventType "team-tourn"]
[EventRounds "9"]
[EventCountry "GER"]
[SourceTitle "EXT 2012"]
[Source "ChessBase"]
[SourceDate "2011.11.24"]
[SourceVersion "1"]
[SourceVersionDate "2011.11.24"]
[SourceQuality "1"]
[WhiteTeam "Worms"]
[BlackTeam "Ludwigshafen"]
[WhiteTeamCountry "GER"]
[BlackTeamCountry "GER"]

1. e4 e6 2. d4 d5 3. e5 c5 4. c3 Nc6 5. Nf3 Bd7 6. Bd3 cxd4 7. cxd4 Qb6 8. 0-0 Nxd4 9. Nxd4 Qxd4 10. Qe2 Ne7 11. Nc3 Nc6 12. Be3 Qxe5 13. f4 Qb8 14. Nxd5 Bd6 15. Rad1 0-0 16. Bxh7+ Kxh7 17. Nf6+ gxf6 18. Qh5+ Kg7 19. Qg4+ 1-0

[Event "Rheinland-ch M"]
[Site "Mainz Laubenheim"]
[Date "2002.03.30"]
[Round "7.6"]
[White "Kuehner, Christian"]
[Black "Boos, Patrick"]
[Result "0-1"]
[WhiteElo "1943"]
[BlackElo "2023"]
[PlyCount "80"]
[EventDate "2002.03.23"]
[EventType "swiss"]
[EventRounds "7"]
[EventCountry "GER"]
[SourceTitle "EXT 2003"]
[Source "ChessBase"]
[SourceDate "2002.11.25"]
[SourceVersion "1"]
[SourceVersionDate "2002.11.25"]
[SourceQuality "1"]

1. c4 Nf6 2. Nc3 g6 3. g3 Bg7 4. Bg2 d6 5. d3 0-0 6. e3 e5 7. Nge2 Qe7 8. Nd5 Nxd5 9. cxd5 c5 10. 0-0 b5 11. d4 exd4 12. exd4 c4 13. Bf4 g5 14. Bd2 a6 15. a4 Bb7 16. Re1 h6 17. f4 g4 18. f5 Qf6 19. Qc2 Nd7 20. Kh1 Nb6 21. Nf4 Nxa4 22. Be3 Bc8 23. Nh5 Qxf5 24. Qxf5 Bxf5 25. Rf1 Bd3 26. Nf6+ Kh8 27. Rf4 Nxb2 28. Nxg4 f5 29. Nxh6 Bxh6 30. Rh4 Rf6 31. Bxh6 Kg8 32. Re1 c3 33. Re7 Rg6 34. Re6 Kf7 35. Bf3 Rh8 36. Bg5 Rxh4 37. Re7+ Kf8 38. Bxh4 c2 39. Rc7 Nc4 40. Be7+ Kg8 0-1

[Event "Rheinland-ch M"]
[Site "Mainz Laubenheim"]
[Date "2002.03.29"]
[Round "5.7"]
[White "Armbrust, Florian"]
[Black "Boos, Patrick"]
[Result "1-0"]
[WhiteElo "1723"]
[BlackElo "2023"]
[PlyCount "95"]
[EventDate "2002.03.23"]
[EventType "swiss"]
[EventRounds "7"]
[EventCountry "GER"]
[SourceTitle "EXT 2003"]
[Source "ChessBase"]
[SourceDate "2002.11.25"]
[SourceVersion "1"]
[SourceVersionDate "2002.11.25"]
[SourceQuality "1"]

1. e4 e6 2. d4 d5 3. e5 c5 4. c3 Nc6 5. Nf3 Qb6 6. a3 c4 7. g3 f6 8. Bh3 fxe5 9. Nxe5 Nxe5 10. dxe5 Bc5 11. 0-0 Ne7 12. Nd2 0-0 13. Qe2 Bd7 14. a4 a5 15. Nf3 Be8 16. Be3 Bxe3 17. Qxe3 Ra6 18. Nd4 Nf5 19. Bxf5 exf5 20. Qf3 Qd8 21. Rfe1 Rg6 22. e6 Qd6 23. Nxf5 Qc5 24. Qe3 d4 25. Nxd4 Qh5 26. Kg2 Rh6 27. h4 Rg6 28. e7 Rff6 29. Rh1 Qd5+ 30. f3 Qd6 31. Rh3 h5 32. Re1 Qd7 33. Qe5 Qxa4 34. Qd5+ Rf7 35. Qxh5 Rb6 36. Re2 Rbf6 37. Qd5 b6 38. Rh1 g6 39. Rhe1 Kg7 40. Re6 Rxe6 41. Nxe6+ Kg8 42. Qe5 Qc2+ 43. Re2 Qd3 44. Ng5 Rg7 45. Qe4 b5 46. Kf2 Qd1 47. Qe6+ Kh8 48. Qf6 1-0

[Event "Rheinland-ch M"]
[Site "Mainz Laubenheim"]
[Date "2002.03.23"]
[Round "2.6"]
[White "Sabel, Reinhard"]
[Black "Boos, Patrick"]
[Result "1/2-1/2"]
[WhiteElo "2088"]
[BlackElo "2023"]
[PlyCount "28"]
[EventDate "2002.03.23"]
[EventType "swiss"]
[EventRounds "7"]
[EventCountry "GER"]
[SourceTitle "EXT 2003"]
[Source "ChessBase"]
[SourceDate "2002.11.25"]
[SourceVersion "1"]
[SourceVersionDate "2002.11.25"]
[SourceQuality "1"]

1. d4 Nf6 2. Nf3 c5 3. d5 g6 4. c4 b5 5. a4 bxc4 6. Nc3 d6 7. e4 Bg7 8. Bxc4 0-0 9. 0-0 a5 10. Re1 Bg4 11. h3 Bxf3 12. Qxf3 Nbd7 13. Qe2 Qb6 14. Bb5 Ra7 1/2-1/2

[Event "Rheinhessen-ch MT1"]
[Site "Rheinhessen"]
[Date "2000.??.??"]
[Round "2"]
[White "Boos, Patrick"]
[Black "Haasler, Andreas"]
[Result "1-0"]
[WhiteElo "2008"]
[BlackElo "2204"]
[PlyCount "75"]
[EventDate "2000.??.??"]
[EventType "tourn"]
[EventRounds "7"]
[EventCountry "GER"]
[SourceTitle "EXT 2002"]
[Source "ChessBase"]
[SourceDate "2001.11.25"]
[SourceVersion "1"]
[SourceVersionDate "2001.11.25"]
[SourceQuality "1"]

1. e4 c5 2. Nf3 d6 3. d4 cxd4 4. Nxd4 Nf6 5. Nc3 a6 6. f3 e6 7. Be3 Nbd7 8. Qd2 b5 9. g4 h6 10. 0-0-0 Bb7 11. Qf2 b4 12. Nce2 d5 13. exd5 Nxd5 14. Nf4 Nxf4 15. Bxf4 Be7 16. Qe3 Bc5 17. Bc4 Qf6 18. Rhe1 g5 19. Bg3 0-0-0 20. c3 Bxd4 21. Rxd4 Rhe8 22. Be2 e5 23. Rxb4 Qd6 24. Rc4+ Bc6 25. Qa7 Nb8 26. Rd1 Qe6 27. Rxd8+ Rxd8 28. Rc5 Qxa2 29. Rxc6+ Nxc6 30. Bxa6+ Qxa6 31. Qxa6+ Kc7 32. Qc4 f6 33. Qf7+ Kb6 34. Bf2+ Ka6 35. Qc7 Kb5 36. Qb7+ Kc4 37. Qxc6+ Kd3 38. Qe4# 1-0

[Event "Hassloch op-A"]
[Site "Hassloch"]
[Date "1999.??.??"]
[Round "2"]
[White "Reichstein, Hans Joerg"]
[Black "Boos, Patrick"]
[Result "1/2-1/2"]
[WhiteElo "2235"]
[BlackElo "2040"]
[PlyCount "76"]
[EventDate "1999.05.??"]
[EventType "swiss"]
[EventRounds "7"]
[EventCountry "GER"]
[SourceTitle "EXT 2001"]
[Source "ChessBase"]
[SourceDate "2000.11.22"]
[SourceVersion "1"]
[SourceVersionDate "2000.11.22"]
[SourceQuality "1"]

1. e4 e6 2. d4 d5 3. Nc3 Bb4 4. exd5 exd5 5. Qf3 Qe7+ 6. Be2 Nc6 7. Qxd5 Nf6 8. Qc4 Be6 9. Qd3 0-0-0 10. Nf3 Qd6 11. Be3 g6 12. 0-0 Bf5 13. Qc4 Na5 14. Qb5 Bxc2 15. a3 Bxc3 16. bxc3 Qd5 17. Ne5 Qxb5 18. Bxb5 Bb3 19. Rab1 Ne4 20. Rfc1 f6 21. Bd3 Nd6 22. Nf3 Bc4 23. Bc2 g5 24. Nd2 Bd5 25. Bd3 Nac4 26. Nxc4 Nxc4 27. Rb4 Nd6 28. c4 Be4 29. c5 Rhe8 30. Bxe4 Nxe4 31. g4 h6 32. Kg2 f5 33. gxf5 Rd5 34. Rcb1 b6 35. cxb6 axb6 36. Rb5 Rxb5 37. Rxb5 Nd6 38. Rb3 Nxf5 1/2-1/2

[Event "Rheinhessen-ch M2"]
[Site "Mainz"]
[Date "1997.??.??"]
[Round "6"]
[White "Sulic, Kresimir"]
[Black "Boos, Patrick"]
[Result "1-0"]
[WhiteElo "1957"]
[BlackElo "1973"]
[PlyCount "104"]
[EventDate "1997.03.21"]
[EventType "tourn"]
[EventRounds "7"]
[EventCountry "GER"]
[SourceTitle "EXT 2000"]
[Source "ChessBase"]
[SourceDate "1999.11.16"]
[SourceVersion "1"]
[SourceVersionDate "1999.11.16"]
[SourceQuality "1"]

1. d4 Nf6 2. Nf3 g6 3. c4 Bg7 4. g3 0-0 5. Bg2 d6 6. 0-0 Nc6 7. Nc3 a6 8. h3 Rb8 9. e4 b5 10. Qe2 Na5 11. cxb5 axb5 12. e5 Ne8 13. Re1 c6 14. Bf4 Be6 15. b4 Nb7 16. d5 Bxd5 17. Nxd5 cxd5 18. Nd4 Qb6 19. Rad1 Nc7 20. Nb3 dxe5 21. Bxe5 Bxe5 22. Qxe5 e6 23. h4 Qd6 24. Qg5 Qxb4 25. h5 Qd6 26. Rd4 Qd8 27. Qh6 Qf6 28. Rh4 Qg7 29. Qc1 Rfc8 30. h6 Qf6 31. Qe3 Nd6 32. Nc5 Rd8 33. Rf4 Qg5 34. Bh3 Nc4 35. Qc3 e5 36. Rh4 b4 37. Qd3 Nb5 38. Nd7 e4 39. Qd1 Rb7 40. Nc5 Ra7 41. Qa1 Nc3 42. Nxe4 dxe4 43. Rhxe4 Qxh6 44. Rh4 Qxh4 45. gxh4 Rxa2 46. Qc1 Rdd2 47. Re8+ Kg7 48. Bf1 Rd1 49. Qg5 Raa1 50. Qc5 Rxf1+ 51. Kg2 Rg1+ 52. Kf3 Nd2+ 1-0